| 000 | 00521nam a22001817a 4500 | ||
|---|---|---|---|
| 999 |
_c16906 _d16906 |
||
| 003 | AR-CdUCM | ||
| 008 | 190506b ||||| |||| 00| 0 sap d | ||
| 040 |
_aMUNICIPALIDAD PROVINCIAL DEL CUSCO _cBIBLIOTECA MUNICIPAL DEL CUSCO |
||
| 082 |
_a869.508 / _bF56 |
||
| 100 |
_aFlaubert, Gustavo. _917241 |
||
| 245 | _aMadame Bovary / | ||
| 260 |
_aLima : _bPopulibros peruanos, |
||
| 300 |
_a338 páginas ; _c18 cm. |
||
| 505 | _aContenido: Novela | ||
| 650 |
_aNovela _95 |
||
| 942 |
_2ddc _cLIBROS |
||
| 945 |
_arum _d2019-05-06 |
||